« Retourner aux résultats de recherche
monstre qui mangeait le noir (Le)
| Auteur principal: | Joyce Dunbar |
|---|---|
| D'autres auteurs: | Jimmy Liao |
| Support: | Livres |
| Langue: | Francais |
| Publié: |
DL 2009 Bayard Jeunesse [Paris] |
| Genre: |
Album |
| Sujets: | |
| Étiquettes: |
Ajouter
Pas de Tags !
|
| LEADER | 00689nam0a2200193 450 | ||
|---|---|---|---|
| 001 | 16815548 | ||
| 010 | |a 978-2-7470-2796-0 |b rel. |d 12,5 | ||
| 100 | |a 20090306d2026 u u0frey01 ba | ||
| 101 | 1 | |a fre |c eng | |
| 102 | |a FR | ||
| 200 | 0 | |a monstre qui mangeait le noir (Le) |f Joyce Dunbar |g illustré par Jimmy Liao | |
| 207 | 1 | |a | |
| 210 | |a [Paris] |c Bayard Jeunesse |d DL 2009 | ||
| 215 | |a 1 vol. (non paginé [54] p.) |c ill. en coul., couv. ill. en coul. |d 26 cm | ||
| 700 | 0 | |a Dunbar |b Joyce |f 1944-.... |4 70 | |
| 702 | 0 | |a Liao |b Jimmy |f 19..-.... |4 440 | |
| 900 | |a Album | ||
| 901 | |a Accessible au prêt | ||
| 995 | |a Bibliothèque |c Bibliothèque |f 024013715 |h 024013715 |k A DUN |o p |q j |r az |e Bibliothèque | ||
